000 00747nam a2200229Ia 4500
003 OSt
005 20220923223635.0
006 a|||||r|||| 00| 0
007 ta
008 Pun
024 _a219,298
037 _cTextual
040 _aARTS
_cARTS
_bPun
041 _2Pun
_aPun
082 _aQ8441xK21w, 153L6;M7
100 _aਫੌਜਾ ਸਿੰਘ ਤਾਰਨ ਸਿੰਘ
_9160191
245 0 _aF੍ਰੀ ਗੁਰੂ ਤੇਗ ਬਹਾਦਰ
_bਜੀਵਨ ਤੇ ਰਚਨਾ
260 _aਪਟਿਆਲਾ
_b ਪਬਲੀਕੇFਨ ਬਿਓੁਰੋ
_c1987
300 _a185
_ccm.
942 _hQ8441xK21w, 153L6;M7
_cTEXL
_2CC
999 _c366578
_d366578